000 00316nam a2200157Ia 4500
100 _aTaylor /G. W.
650 _aGeneral
942 _cRB
654 _aMining
245 _aMining
260 _bHanock House Pub.
_aSaanichtan
_c1978
082 _a338.2
_bTay
300 _a195
546 _aENGLISH
999 _c22737
_d22737